| 000 | 00847nam a22002537a 4500 | ||
|---|---|---|---|
| 999 |
_c33241 _d33241 |
||
| 001 | 2314 | ||
| 003 | CO-MdFUSB | ||
| 005 | 20170726090300.0 | ||
| 008 | 170726t1976 xxu||||| |||| 00| 0 s d | ||
| 020 | _a0-8254-1657-4 | ||
| 040 |
_aCO-MdFUSB _bspa _cCO-MdFUSB _dCO-MdFUSBC _erda |
||
| 041 | 0 | _aspa | |
| 082 | 0 | 4 | _aG 221.7 S3871h |
| 100 | 1 |
_aSchultz, Samuel J. _eautor |
|
| 245 | 1 | 0 |
_aHabla el Antiguo Testamento _b : Un exámen completo de la historia y la literatura del Antiguo Testamento _c / Samuel J. Schultz ; Francisco Cazorla, Traductor |
| 264 | 4 |
_aGrand Rapids, MI., USA : _b Portavoz, _c©1976 |
|
| 300 | _aXII, 416 Pag | ||
| 336 |
_2rdacontent _a1 _ba1 |
||
| 337 |
_2rdamedia _a2 _b5 |
||
| 338 |
_2rdacarrier _a2 _b5 |
||
| 500 | _aTítulo original : The Old Testament speaks | ||
| 653 | _aBiblia A.T. - Historia sagrada | ||
| 942 | _cBK | ||